000 01989nam a2200241Ia 4500
999 _c53615
_d53615
001 20662
003 GE_BSU
005 20210228224749.0
008 181216s||||2016ge |||||||||||||| ||geo||
020 _a9789941135446
040 _cGE_BSU
041 _ageo
080 _a091(=353.1)+34(479.22)+33(479.22)(038) ჯ-14
100 _aჯავახიშვილი, ივანე
_910270
245 _aმასალები ძველი ქართული სამართლისა და ეკონომიკის ტერმინოლოგიისათვის = Materials for Old Georgian Juridical and Economic Terminology :
_bალბომი ეძღვნება ივანე ჯავახიშვილის დაბადებიდან 140-ე წლისთავს /
_cივანე ჯავახიშვილი ; იდეის ავტორი და პროექტის ხელმძღვანელი მალხაზ ბაძაღუა ; შემდგენლები : მანუჩარ გუნცაძე, შორენა მურუსიძე ; რედაქტორი ზაალ აბაშიძე ; ფოტო : დიმიტრი გურგენიძე, ვასილ თარგამაძე, გიორგი კვაჭაძე.
264 _aთბილისი :
_bთსუ გამ-ბის სტამბა,
_c2016.
300 _a470 გვ. :
_bილ. ;
_c21 სმ.
500 _aტერმინთა საძიებელი : გვ. 452-469
653 _aმასალები ძველი ქართული სამართლისა და ეკონომიკის ტერმინოლოგიისათვის
653 _aივანე ჯავახიშვილი
700 _aაბაშიძე, ზაალ
_eრედაქტორი
_910271
942 _cBK
_2udc